000 00691nam a2200217 i 4500
001 135136
003 ES-MaACL
005 20230906194819.0
007 t|
008 070710s1983 sp ||||1| spa d
100 1 _aTitze, Michael.
_9110353
245 1 0 _aFundamentos del teleoanálisis adleriano /
_cMichael Titze ; con un prólogo de Wolfgang Kretschmer ; versión de Diorki.
260 _aBarcelona :
_bHerder,
_c1983.
300 _a307 p. ;
_c22 cm.
490 1 _aBiblioteca de Psicología
700 1 _aKretschmer, Wolfgang.
_968820
700 2 _aDiorki.
_9186458
830 0 _aBiblioteca de Psicología
_9180745
852 _aES-MaACL
_jL-4459
_bR.104764
999 _c135136
_d135136